00937 2200313 4500001002100000005001500021035002000036007000300056008004100059020002200100040002200122082001400144084001600158090001800174100002200192245008200214300005500296650001800351650002200369850001200391041001300403264003600416336002100452337003000473338002300503546005700526990002000583990002000603INLIS00000000085342820191203032858 a0010-1219000114ta191203s2018 jkia gr jpn d a978-602-477-017-4 aYOPDYOGbjpnerda04223a495.6 a495.6 MAR b aQ 495.6 MAR b0 aMarugotoepenulis10aBahasa dan kebudayaan Jepang :btingkat menengah 1 A2/B1 /cpenulis, Marugoto a166 halaman :bilustrasi, gambar berwarna ;c27 cm 4aBahasa Jepang 4aKebudayaan Jepang aYOPDYOG0 aindgjpn31aJakarta :bKesaint Blanc,c2018 2rdacontentateks 2rdamediaatanpa perantara 2rdacarrieravolume aTeks terdiri dari bahasa Jepang dan bahasa Indonesia a65219-PD/A.2019 a65220-PD/A.2019